000 00297nam a22001337a 4500
008 170823b xxu||||| |||| 00| 0 eng d
020 _a0226308707
041 _aeng
080 _a51
100 _a38
101 _aMAT
245 _aINFINITE ABELIAN GROUP THEORY
_cGRIFFITH,P.A
942 _2udc
_cBK
999 _c24698
_d24698